| 000 -CABECERA |
| Longitud fija campo de control |
00952nam a22001937a 4500 |
| 003 - IDENTIFICADOR DEL NÚMERO DE CONTROL |
| Identificador del número de control |
OSt |
| 005 - FECHA Y HORA DE LA ÚLTIMA TRANSACCIÓN |
| Fecha y hora de la última transacción |
20130522121919.0 |
| 008 - CÓDIGOS DE INFORMACIÓN DE LONGITUD FIJA |
| Códigos de información de longitud fija |
130522s1994 ||||| |||| 00| 0 spa d |
| 040 ## - FUENTE DE LA CATALOGACIÓN |
| Centro transcriptor |
CDMR |
| 245 00 - MENCIÓN DE TÍTULO |
| Título |
Código de ética del periodista venezolano [...] |
| 260 ## - PUBLICACIÓN, DISTRIBUCIÓN, ETC. (PIE DE IMPRENTA) |
| Lugar de publicación, distribución, etc. |
[Caracas] |
| Nombre del editor, distribuidor, etc. |
Oficina Central de Información |
| Fecha de publicación, distribución, etc. |
[1994] |
| 300 ## - DESCRIPCIÓN FÍSICA |
| Extensión |
49 p. |
| 490 0# - MENCIÓN DE SERIE |
| Mención de serie |
Comunicación y Mensaje |
| Designación de volumen o secuencia |
4 |
| 500 ## - NOTA GENERAL |
| Nota general |
Conté: Código de ética del periodista venezolano ; Código de ética de la Asociación Nacional de Anunciantes (ANDA) y la Federación Venezolana de Agencias Publicitarias (FEVAP) ; Código de ética de la Radiodifusión Venezolana ; Código de ética de la Asociación de Relaciones Públicas de Venezuela ; Código de ética de la Cámara Venezolana de la Televisión |
| 650 04 - PUNTO DE ACCESO ADICIONAL DE MATERIA - TÉRMINO DE MATERIA |
| 9 (RLIN) |
983 |
| Término de materia o nombre geográfico como elemento inicial |
Ètica periodística |
| Subdivisión geográfica |
Veneçuela |
| 650 04 - PUNTO DE ACCESO ADICIONAL DE MATERIA - TÉRMINO DE MATERIA |
| 9 (RLIN) |
419 |
| Término de materia o nombre geográfico como elemento inicial |
Codis deontològics |
| 710 1# - PUNTO DE ACCESO ADICIONAL - NOMBRE DE ENTIDAD |
| 9 (RLIN) |
3486 |
| Nombre de entidad o nombre de jurisdicción como elemento inicial |
Veneçuela |
| Unidad subordinada |
-- Oficina Central de Información |
| 942 ## - ENTRADA DE ELEMENTOS AGREGADOS (KOHA) |
| Fuente de clasificaión o esquema |
|
| Koha [por defecto] tipo de item |
Fullets |